[Event "Gausdal Classics GM-A"]
[Site "Gausdal NOR"]
[Date "2005.04.14"]
[Round "2.4"]
[White "Vidonyak, Roman"]
[Black "Pedersen, Christian Kyndel"]
[Result "1/2-1/2"]
[WhiteElo "2412"]
[BlackElo "2396"]
[PlyCount "44"]
[EventDate "2005.04.14"]
[EventType "tourn"]
[EventRounds "9"]
[EventCountry "NOR"]
[EventCategory "10"]
[Source "lmi"]
[SourceDate "2005.04.22"]

1. d4 Nf6 2. c4 g6 3. Nc3 Bg7 4. e4 d6 5. Be2 O-O 6. Bg5 c5 7. d5 e6 8. Qd2
exd5 9. exd5 Re8 10. Nf3 Bg4 11. O-O Nbd7 12. h3 Bxf3 13. Bxf3 a6 14. a4 Qa5
15. Qc2 h6 16. Bd2 Qc7 17. Rae1 Ne5 18. Be2 Re7 19. Qc1 Kh7 20. f4 Ned7 21. Bd3
Rae8 22. Rxe7 Ra8 1/2-1/2

[Event "Gausdal Classics GM-A"]
[Site "Gausdal NOR"]
[Date "2005.04.16"]
[Round "4.1"]
[White "Kulaots, Kaido"]
[Black "Korneev, Oleg"]
[Result "1/2-1/2"]
[WhiteElo "2578"]
[BlackElo "2602"]
[PlyCount "28"]
[EventDate "2005.04.14"]
[EventType "tourn"]
[EventRounds "9"]
[EventCountry "NOR"]
[EventCategory "10"]
[Source "lmi"]
[SourceDate "2005.04.22"]

1. e4 c5 2. Nf3 e6 3. d4 cxd4 4. Nxd4 a6 5. Bd3 Bc5 6. Nb3 Ba7 7. O-O Ne7 8.
Bf4 d5 9. Nc3 d4 10. Ne2 Nbc6 11. Bg3 h5 12. h3 g5 13. Bf4 Nb8 14. Bg3 Nd5
1/2-1/2

[Event "Gausdal Classics GM-A"]
[Site "Gausdal NOR"]
[Date "2005.04.18"]
[Round "6.2"]
[White "Vidonyak, Roman"]
[Black "Korneev, Oleg"]
[Result "0-1"]
[WhiteElo "2412"]
[BlackElo "2611"]
[PlyCount "60"]
[EventDate "2005.04.14"]
[EventType "tourn"]
[EventRounds "9"]
[EventCountry "NOR"]
[EventCategory "10"]
[Source "lmi"]
[SourceDate "2005.04.22"]

1. e4 c5 2. c3 Nf6 3. e5 Nd5 4. Nf3 e6 5. d4 cxd4 6. cxd4 d6 7. Nc3 Nxc3 8.
bxc3 Qc7 9. Bd2 Nd7 10. exd6 Bxd6 11. Bd3 b6 12. Ng5 Bb7 13. Qh5 Nf6 14. Bb5+
Kf8 15. Qh3 Bf4 16. Rd1 Rc8 17. c4 h6 18. Qa3+ Bd6 19. Qh3 a6 20. c5 bxc5 21.
dxc5 Bxc5 22. Be2 Ke7 23. Nf3 g5 24. O-O g4 25. Qh4 gxf3 26. Bc3 Bxf2+ 27. Rxf2
Qxc3 28. Bxf3 Rc4 29. Qh3 Rg8 30. Kh1 Rf4 0-1

[Event "Gausdal Classics GM-B"]
[Site "Gausdal NOR"]
[Date "2005.04.13"]
[Round "1.1"]
[White "Reinderman, Dimitri"]
[Black "Michalczak, Thomas"]
[Result "1/2-1/2"]
[WhiteElo "2509"]
[BlackElo "2369"]
[PlyCount "94"]
[EventDate "2005.04.14"]
[EventType "tourn"]
[EventRounds "9"]
[EventCountry "NOR"]
[EventCategory "7"]
[Source "lmi"]
[SourceDate "2005.04.22"]

1. c4 Nf6 2. Nc3 e6 3. d4 Bb4 4. Qc2 d5 5. cxd5 exd5 6. Bg5 c5 7. Nf3 h6 8.
Bxf6 Qxf6 9. dxc5 O-O 10. e3 Be6 11. Rc1 Nc6 12. Bb5 Rac8 13. O-O Bxc5 14. Rfd1
Rfd8 15. Rd2 Bf5 16. Qb3 d4 17. Na4 Na5 18. Qd1 dxe3 19. Rxd8+ Rxd8 20. Qe2
exf2+ 21. Kf1 Bb6 22. b4 a6 23. Nxb6 axb5 24. Qxf2 Nc6 25. a3 Be4 26. Ne1 Qd6
27. Qe3 f5 28. g3 Nd4 29. Nc8 Qe6 30. Rd1 Qxc8 31. Rxd4 Rxd4 32. Qxd4 Qc4+ 33.
Qxc4+ bxc4 34. a4 Kf7 35. Ke2 c3 36. Nd3 Ke7 37. Ke3 Kd6 38. Kd4 c2 39. Nc1 Ke6
40. Nb3 Kd6 41. Nc1 Kc6 42. Nb3 g5 43. Ke5 h5 44. Nc1 Kd7 45. Nb3 Kc6 46. Nc1
Kd7 47. Nb3 Kc6 1/2-1/2

[Event "Gausdal Classics GM-B"]
[Site "Gausdal NOR"]
[Date "2005.04.13"]
[Round "1.2"]
[White "Howell, David"]
[Black "Akesson, Ralf"]
[Result "1/2-1/2"]
[WhiteElo "2413"]
[BlackElo "2465"]
[PlyCount "43"]
[EventDate "2005.04.14"]
[EventType "tourn"]
[EventRounds "9"]
[EventCountry "NOR"]
[EventCategory "7"]
[Source "lmi"]
[SourceDate "2005.04.22"]

1. e4 c6 2. d4 d5 3. exd5 cxd5 4. c4 Nf6 5. Nc3 e6 6. Nf3 Bb4 7. cxd5 Nxd5 8.
Qc2 Nc6 9. Bd3 Be7 10. a3 h6 11. O-O O-O 12. Rd1 Nxc3 13. bxc3 Bd7 14. Qe2 Qc7
15. c4 Rfe8 16. Bb2 Rad8 17. Rac1 Bf6 18. Bb1 Qf4 19. Qe3 Qxe3 20. fxe3 Na5 21.
Nd2 b6 22. c5 1/2-1/2

[Event "Gausdal Classics GM-B"]
[Site "Gausdal NOR"]
[Date "2005.04.13"]
[Round "1.3"]
[White "Tallaksen, Geir Sune"]
[Black "Greet, Andrew"]
[Result "1-0"]
[WhiteElo "2326"]
[BlackElo "2403"]
[PlyCount "41"]
[EventDate "2005.04.14"]
[EventType "tourn"]
[EventRounds "9"]
[EventCountry "NOR"]
[EventCategory "7"]
[Source "lmi"]
[SourceDate "2005.04.22"]

1. d4 Nf6 2. c4 e6 3. Nf3 b6 4. g3 Ba6 5. Nbd2 Bb7 6. Bg2 c5 7. e4 cxd4 8. O-O
d6 9. Nxd4 Nbd7 10. Re1 Qc7 11. Nb5 Qb8 12. c5 Bc6 13. Nd4 Qb7 14. Nxc6 Qxc6
15. e5 Nd5 16. cxd6 g6 17. Ne4 Rc8 18. Bg5 Qb5 19. Rc1 Qa6 20. Qa4 Qb7 21. Nf6+
1-0

[Event "Gausdal Classics GM-B"]
[Site "Gausdal NOR"]
[Date "2005.04.13"]
[Round "1.4"]
[White "Sebag, Marie"]
[Black "Hammer, Jon Ludvig"]
[Result "1-0"]
[WhiteElo "2417"]
[BlackElo "2303"]
[PlyCount "105"]
[EventDate "2005.04.14"]
[EventType "tourn"]
[EventRounds "9"]
[EventCountry "NOR"]
[EventCategory "7"]
[Source "lmi"]
[SourceDate "2005.04.22"]

1. e4 e5 2. Bc4 Nf6 3. d3 Nc6 4. Nf3 Be7 5. O-O d6 6. a4 Na5 7. Ba2 c5 8. c3
Nc6 9. Re1 O-O 10. Nbd2 Be6 11. Bxe6 fxe6 12. Nc4 Qd7 13. b3 Bd8 14. Ba3 Bc7
15. d4 exd4 16. cxd4 Rfd8 17. d5 exd5 18. exd5 Ne7 19. Ne3 Ba5 20. Re2 Re8 21.
Bb2 Ng6 22. g3 Ng4 23. Nc4 Rxe2 24. Qxe2 Re8 25. Qd3 Bd8 26. h3 Nf6 27. Ng5 Nh5
28. Ne6 Nf8 29. Qf3 Nf6 30. Nxd8 Qxd8 31. Bxf6 gxf6 32. Qf4 b6 33. Qxd6 Ng6 34.
Qc6 f5 35. d6 f4 36. d7 Rf8 37. Qe6+ Kg7 38. Rd1 fxg3 39. fxg3 Qg5 40. Qe3 Qf6
41. Nd6 Qd8 42. Ne8+ Kg8 43. Qe6+ Kh8 44. Qe3 Rf7 45. Qc3+ Kg8 46. Nf6+ Kg7 47.
Rf1 a6 48. Nxh7+ Kg8 49. Nf6+ Kf8 50. Qe3 Kg7 51. Ne8+ Kg8 52. Qe6 Qxd7 53.
Nf6+ 1-0

[Event "Gausdal Classics GM-B"]
[Site "Gausdal NOR"]
[Date "2005.04.14"]
[Round "2.2"]
[White "Hammer, Jon Ludvig"]
[Black "Ward, Chris"]
[Result "0-1"]
[WhiteElo "2303"]
[BlackElo "2485"]
[PlyCount "162"]
[EventDate "2005.04.14"]
[EventType "tourn"]
[EventRounds "9"]
[EventCountry "NOR"]
[EventCategory "7"]
[Source "lmi"]
[SourceDate "2005.04.22"]

1. e4 c5 2. Nf3 g6 3. d4 cxd4 4. Qxd4 Nf6 5. Bb5 Nc6 6. Bxc6 dxc6 7. Qxd8+ Kxd8
8. Nc3 Nd7 9. Be3 e5 10. Ng5 Ke7 11. f3 f6 12. Nh3 Kf7 13. Nf2 Nb6 14. Nd3 Nc4
15. Bf2 Bh6 16. Ke2 b6 17. a4 Rd8 18. b3 Nb2 19. Nxb2 Rd2+ 20. Kf1 Rxc2 21.
Ncd1 Ba6+ 22. Nc4 Rd8 23. Kg1 Bxc4 24. bxc4 Rc1 25. Rxc1 Bxc1 26. Nc3 Bb2 27.
Nd5 cxd5 28. cxd5 Rc8 29. g4 Rc4 30. Kg2 Rxa4 31. Rb1 Ra2 32. Kg3 g5 33. h4
gxh4+ 34. Kxh4 Bc3 35. Be3 Re2 36. Bg1 Re1 37. Rb3 Bd2 38. Bf2 Rc1 39. Kg3 Rc2
40. Be3 Rc3 41. Rxc3 Bxc3 42. Kf2 Ke7 43. Ke2 Kd6 44. Kd3 Bb2 45. Kc4 Kc7 46.
Kb3 Ba1 47. Bh6 Kd6 48. Be3 Kd7 49. Kc4 Bb2 50. Kb3 Ba1 51. Kc4 Kc7 52. Bh6 Bb2
53. Bg7 Ba3 54. Bxf6 Bd6 55. Kb5 Kb7 56. Bd8 a6+ 57. Kc4 b5+ 58. Kd3 Kc8 59.
Ba5 Bc7 60. Bxc7 Kxc7 61. g5 a5 62. Kc3 Kd6 63. Kb3 Kd7 64. Kc3 Ke7 65. g6 hxg6
66. Kb3 Kd6 67. Kc3 Kc5 68. Kb3 b4 69. Ka4 Kb6 70. Kb3 Kb5 71. Kc2 a4 72. Kb2
b3 73. Ka3 g5 74. Kb2 Kb4 75. d6 a3+ 76. Kb1 Kc3 77. d7 a2+ 78. Ka1 Kc2 79.
d8=Q b2+ 80. Kxa2 b1=Q+ 81. Ka3 Qb3# 0-1

[Event "Gausdal Classics GM-B"]
[Site "Gausdal NOR"]
[Date "2005.04.14"]
[Round "2.3"]
[White "Greet, Andrew"]
[Black "Sebag, Marie"]
[Result "1-0"]
[WhiteElo "2403"]
[BlackElo "2417"]
[PlyCount "79"]
[EventDate "2005.04.14"]
[EventType "tourn"]
[EventRounds "9"]
[EventCountry "NOR"]
[EventCategory "7"]
[Source "lmi"]
[SourceDate "2005.04.22"]

1. e4 c5 2. Nf3 d6 3. Bb5+ Nd7 4. d4 Ngf6 5. Nc3 cxd4 6. Qxd4 e5 7. Qd3 h6 8.
Be3 Be7 9. Bc4 a6 10. a4 O-O 11. O-O Qc7 12. Nh4 Nc5 13. Bxc5 dxc5 14. Nf5 Bxf5
15. exf5 Rad8 16. Nd5 e4 17. Qb3 Nxd5 18. Bxd5 Qe5 19. c4 Bd6 20. g3 Qxf5 21.
Rae1 Be5 22. Qxb7 Qf6 23. Rxe4 Rb8 24. Qa7 Qd6 25. Rfe1 Bd4 26. Re7 Rxb2 27.
Rxf7 Kh8 28. Kh1 Rxf2 29. Rxf2 Bxf2 30. Re6 Qd8 31. Qxa6 Qg5 32. Qd6 Rd8 33.
Qf4 Qxf4 34. gxf4 Rf8 35. f5 g5 36. a5 Rb8 37. a6 Rb1+ 38. Kg2 Bd4 39. a7 Rg1+
40. Kf3 1-0

[Event "Gausdal Classics GM-B"]
[Site "Gausdal NOR"]
[Date "2005.04.14"]
[Round "2.5"]
[White "Reinderman, Dimitri"]
[Black "Howell, David"]
[Result "1/2-1/2"]
[WhiteElo "2509"]
[BlackElo "2413"]
[PlyCount "58"]
[EventDate "2005.04.14"]
[EventType "tourn"]
[EventRounds "9"]
[EventCountry "NOR"]
[EventCategory "7"]
[Source "lmi"]
[SourceDate "2005.04.22"]

1. c4 e5 2. Nc3 Bb4 3. Nd5 Be7 4. d4 d6 5. e4 Nc6 6. Ne2 f5 7. dxe5 dxe5 8.
exf5 Bxf5 9. Ng3 Be6 10. Bd3 Nf6 11. Nxf6+ gxf6 12. O-O Qd7 13. Qh5+ Bf7 14.
Qf5 Qxf5 15. Nxf5 Rd8 16. Be2 Bg6 17. Nxe7 Kxe7 18. b3 Nd4 19. Bd1 Rhg8 20. f3
c5 21. Kf2 h5 22. Re1 Kd6 23. g3 a5 24. Bd2 Ra8 25. Rc1 b6 26. Bc3 Ra7 27. f4
Be8 28. Bf3 h4 29. g4 Re7 1/2-1/2

[Event "Gausdal Classics GM-B"]
[Site "Gausdal NOR"]
[Date "2005.04.15"]
[Round "3.1"]
[White "Howell, David"]
[Black "Michalczak, Thomas"]
[Result "1-0"]
[WhiteElo "2413"]
[BlackElo "2369"]
[PlyCount "69"]
[EventDate "2005.04.14"]
[EventType "tourn"]
[EventRounds "9"]
[EventCountry "NOR"]
[EventCategory "7"]
[Source "lmi"]
[SourceDate "2005.04.22"]

1. e4 e5 2. Nf3 Nc6 3. Bb5 a6 4. Ba4 Nf6 5. O-O Be7 6. Re1 b5 7. Bb3 O-O 8. a4
Bb7 9. d3 d6 10. Nbd2 Na5 11. Ba2 c5 12. Nf1 b4 13. Bd2 Rb8 14. Ne3 Bc8 15. h3
Be6 16. Nh2 Bxa2 17. Rxa2 d5 18. Nhg4 d4 19. Nf5 Nxg4 20. Qxg4 g6 21. f4 Kh8
22. Nxe7 Qxe7 23. fxe5 Qe6 24. Qh4 f6 25. Raa1 fxe5 26. Rf1 Nc6 27. Bh6 Rxf1+
28. Rxf1 Qe7 29. Bg5 Qd7 30. Rf6 Kg8 31. Bh6 Qe7 32. Qg5 Qd7 33. h4 Kh8 34.
Rxc6 Qxc6 35. Qxe5+ 1-0

[Event "Gausdal Classics GM-B"]
[Site "Gausdal NOR"]
[Date "2005.04.15"]
[Round "3.2"]
[White "Tallaksen, Geir Sune"]
[Black "Reinderman, Dimitri"]
[Result "1/2-1/2"]
[WhiteElo "2326"]
[BlackElo "2509"]
[PlyCount "65"]
[EventDate "2005.04.14"]
[EventType "tourn"]
[EventRounds "9"]
[EventCountry "NOR"]
[EventCategory "7"]
[Source "lmi"]
[SourceDate "2005.04.22"]

1. d4 f5 2. c4 Nf6 3. Nf3 g6 4. g3 Bg7 5. Bg2 O-O 6. O-O d6 7. Nc3 c6 8. Rb1
Ne4 9. Nxe4 fxe4 10. Nd2 d5 11. e3 Be6 12. b4 b5 13. cxb5 cxb5 14. a4 bxa4 15.
Qxa4 Nd7 16. Qa2 Bf7 17. Nb3 Nb6 18. Na5 e6 19. Bd2 Be8 20. b5 Rf7 21. Rfc1 a6
22. bxa6 Rxa6 23. Qb2 Nd7 24. Nc6 Qa8 25. Qb7 Bf6 26. Qxa8 Rxa8 27. Bb4 Nf8 28.
Bxf8 Kxf8 29. Bh3 Rc7 30. Ne5 Bxe5 31. dxe5 Rxc1+ 32. Rxc1 Ke7 33. Bf1 1/2-1/2

[Event "Gausdal Classics GM-B"]
[Site "Gausdal NOR"]
[Date "2005.04.15"]
[Round "3.3"]
[White "Sebag, Marie"]
[Black "Akesson, Ralf"]
[Result "1/2-1/2"]
[WhiteElo "2417"]
[BlackElo "2465"]
[PlyCount "82"]
[EventDate "2005.04.14"]
[EventType "tourn"]
[EventRounds "9"]
[EventCountry "NOR"]
[EventCategory "7"]
[Source "lmi"]
[SourceDate "2005.04.22"]

1. e4 c6 2. d4 d5 3. Nc3 dxe4 4. Nxe4 Nd7 5. Ng5 Ngf6 6. Bd3 e6 7. N1f3 Bd6 8.
Qe2 h6 9. Ne4 Nxe4 10. Qxe4 Qc7 11. O-O b6 12. Qg4 Kf8 13. b3 c5 14. Bb2 e5 15.
Be4 Rb8 16. dxe5 Nxe5 17. Qh4 Nxf3+ 18. Bxf3 Kg8 19. Rfe1 Bf5 20. Be4 Bxe4 21.
Rxe4 Kh7 22. Qg4 Rhg8 23. Qf5+ g6 24. Qf6 Rbd8 25. Rae1 Bf8 26. Qf3 Rd7 27. h4
h5 28. Re5 Qb7 29. Qf6 Rd6 30. Qf4 Rd7 31. Re8 Qc7 32. Qf6 Qd6 33. Qf3 Qd5 34.
R8e4 Bg7 35. Bxg7 Kxg7 36. Qc3+ Kh7 37. Re5 Qd6 38. g3 Rgd8 39. Re8 Rxe8 40.
Rxe8 Qd4 41. Qe1 Qd1 1/2-1/2

[Event "Gausdal Classics GM-B"]
[Site "Gausdal NOR"]
[Date "2005.04.15"]
[Round "3.4"]
[White "Ward, Chris"]
[Black "Greet, Andrew"]
[Result "1/2-1/2"]
[WhiteElo "2485"]
[BlackElo "2403"]
[PlyCount "70"]
[EventDate "2005.04.14"]
[EventType "tourn"]
[EventRounds "9"]
[EventCountry "NOR"]
[EventCategory "7"]
[Source "lmi"]
[SourceDate "2005.04.22"]

1. d4 Nf6 2. c4 e6 3. Nc3 Bb4 4. Bg5 h6 5. Bh4 c5 6. d5 d6 7. e3 Bxc3+ 8. bxc3
g5 9. Bg3 e5 10. Qc2 Qe7 11. Nf3 Nbd7 12. Nd2 h5 13. h4 g4 14. Bd3 Rg8 15. Rb1
Kd8 16. a4 a5 17. Bf5 b6 18. e4 Ba6 19. Qd3 Kc7 20. Nf1 Nf8 21. Ne3 Ng6 22. Qc2
Nf4 23. O-O Nd7 24. f3 gxf3 25. Rxf3 Ng6 26. Qb3 Rab8 27. Bxd7 Qxd7 28. Rbf1
Rbf8 29. Rb1 Rb8 30. Rbf1 Rbf8 31. Nf5 f6 32. Rb1 Rb8 33. Rbf1 Rbf8 34. Rb1 Rb8
35. Rbf1 Rbf8 1/2-1/2

[Event "Gausdal Classics GM-B"]
[Site "Gausdal NOR"]
[Date "2005.04.15"]
[Round "3.5"]
[White "Barkhagen, Jonas"]
[Black "Hammer, Jon Ludvig"]
[Result "1/2-1/2"]
[WhiteElo "2461"]
[BlackElo "2303"]
[PlyCount "130"]
[EventDate "2005.04.14"]
[EventType "tourn"]
[EventRounds "9"]
[EventCountry "NOR"]
[EventCategory "7"]
[Source "lmi"]
[SourceDate "2005.04.22"]

1. d4 d5 2. c4 c6 3. Nf3 Nf6 4. Nc3 a6 5. e3 b5 6. b3 Bg4 7. Be2 e6 8. O-O Nbd7
9. h3 Bh5 10. Bb2 Bd6 11. Ne5 Bxe2 12. Nxe2 Qc7 13. cxd5 cxd5 14. Rc1 Qb8 15.
Nc6 Qb6 16. Qd3 O-O 17. Rc2 Rfc8 18. Rfc1 Kf8 19. Ne5 Qb7 20. g4 g6 21. f3 Nb6
22. Qd2 Rxc2 23. Rxc2 Rc8 24. Bc3 Nbd7 25. Nd3 Ng8 26. Bb4 Bxb4 27. Qxb4+ Ne7
28. Rxc8+ Qxc8 29. Kf2 Qc7 30. f4 Ke8 31. Qa3 a5 32. Qc1 Qxc1 33. Nexc1 Nf6 34.
Ne5 Ne4+ 35. Ke2 f6 36. Ned3 Nc6 37. Kf3 Kd7 38. h4 Kd6 39. g5 e5 40. gxf6 exd4
41. Ne5 Nxf6 42. Nxc6 Kxc6 43. exd4 Kd6 44. a4 b4 45. f5 gxf5 46. Kf4 Ke6 47.
Nd3 Ne4 48. Ke3 Kd6 49. Kf4 Ke6 50. Ke3 Kd6 51. Kf4 Kc6 52. h5 Kd6 53. Kxf5 Nd2
54. Nc1 Nf3 55. Ne2 Ke7 56. Kg4 Nd2 57. Nc1 Kf6 58. Kf4 h6 59. Kg4 Ke6 60. Kf4
Ne4 61. Ne2 Nd2 62. Nc1 Ne4 63. Ne2 Kf6 64. Kg4 Nd2 65. Nc1 Ke6 1/2-1/2

[Event "Gausdal Classics GM-B"]
[Site "Gausdal NOR"]
[Date "2005.04.16"]
[Round "4.1"]
[White "Michalczak, Thomas"]
[Black "Hammer, Jon Ludvig"]
[Result "1/2-1/2"]
[WhiteElo "2367"]
[BlackElo "2303"]
[PlyCount "65"]
[EventDate "2005.04.14"]
[EventType "tourn"]
[EventRounds "9"]
[EventCountry "NOR"]
[EventCategory "7"]
[Source "lmi"]
[SourceDate "2005.04.22"]

1. e4 e5 2. Nf3 Nf6 3. Nxe5 d6 4. Nf3 Nxe4 5. d4 d5 6. Bd3 Nc6 7. O-O Be7 8. c4
Nb4 9. Be2 O-O 10. Nc3 Bf5 11. a3 Nxc3 12. bxc3 Nc6 13. cxd5 Qxd5 14. Re1 Bf6
15. Bf4 Rac8 16. Nd2 Qd7 17. Nb3 Be7 18. d5 Nb8 19. Nd4 Bc5 20. Be3 Bxd4 21.
Qxd4 b6 22. c4 Na6 23. Qd2 Rfe8 24. a4 Qd6 25. a5 Nc5 26. Qb4 Nd3 27. Qxd6 cxd6
28. Bxd3 Bxd3 29. axb6 axb6 30. Bxb6 Bxc4 31. Rxe8+ Rxe8 32. Bc7 Bxd5 33. Bxd6
1/2-1/2

[Event "Gausdal Classics GM-B"]
[Site "Gausdal NOR"]
[Date "2005.04.16"]
[Round "4.3"]
[White "Akesson, Ralf"]
[Black "Ward, Chris"]
[Result "1/2-1/2"]
[WhiteElo "2465"]
[BlackElo "2485"]
[PlyCount "20"]
[EventDate "2005.04.14"]
[EventType "tourn"]
[EventRounds "9"]
[EventCountry "NOR"]
[EventCategory "7"]
[Source "lmi"]
[SourceDate "2005.04.22"]

1. Nf3 c5 2. c4 Nf6 3. Nc3 b6 4. e3 e6 5. d4 a6 6. Bd3 d6 7. O-O Nbd7 8. b3 g6
9. Bb2 Bg7 10. Qe2 O-O 1/2-1/2

[Event "Gausdal Classics GM-B"]
[Site "Gausdal NOR"]
[Date "2005.04.16"]
[Round "4.5"]
[White "Howell, David"]
[Black "Tallaksen, Geir Sune"]
[Result "1-0"]
[WhiteElo "2416"]
[BlackElo "2326"]
[PlyCount "135"]
[EventDate "2005.04.14"]
[EventType "tourn"]
[EventRounds "9"]
[EventCountry "NOR"]
[EventCategory "7"]
[Source "lmi"]
[SourceDate "2005.04.22"]

1. e4 e5 2. Nf3 Nc6 3. Nc3 Nf6 4. a3 d5 5. Bb5 Nxe4 6. Nxe5 Qf6 7. Nf3 Be6 8.
Qe2 Nxc3 9. dxc3 Bc5 10. Bg5 Qg6 11. Bd3 f5 12. Nh4 Qxg5 13. Qxe6+ Qe7 14. Bxf5
g6 15. Bh3 Rd8 16. O-O Qxe6 17. Bxe6 Ke7 18. Bh3 Ne5 19. b4 Bb6 20. a4 a6 21.
Rae1 Kf6 22. Re2 Rhe8 23. Rfe1 Re7 24. a5 Ba7 25. Nf3 Nxf3+ 26. gxf3 Rxe2 27.
Rxe2 c6 28. f4 Bb8 29. Re6+ Kf7 30. f5 gxf5 31. Bxf5 Rg8+ 32. Kf1 Rg5 33. Bh3
Be5 34. Rh6 Kg7 35. Re6 Kf7 36. Rh6 Kg7 37. Rh4 Bxc3 38. Bc8 d4 39. Bxb7 Bxb4
40. Rxd4 c5 41. Rd7+ Kh8 42. Bxa6 Bxa5 43. Bd3 Rh5 44. Kg2 Rg5+ 45. Kf3 Rh5 46.
Kg3 Rg5+ 47. Kh4 Rg2 48. f4 c4 49. Be4 Re2 50. Rd4 Bc7 51. Kg5 Rxh2 52. Rxc4
Bd8+ 53. Kf5 Kg7 54. Rd4 Be7 55. Rd7 Kf8 56. c4 Ke8 57. Ra7 Kd8 58. Ke5 h5 59.
f5 Re2 60. Ra6 h4 61. f6 Bb4 62. Ra8+ Kc7 63. f7 Bd6+ 64. Kd5 Rd2+ 65. Ke6 h3
66. Ra7+ Kb6 67. Rd7 Kc5 68. f8=Q 1-0

[Event "Gausdal Classics GM-B"]
[Site "Gausdal NOR"]
[Date "2005.04.17"]
[Round "5.1"]
[White "Tallaksen, Geir Sune"]
[Black "Michalczak, Thomas"]
[Result "1/2-1/2"]
[WhiteElo "2326"]
[BlackElo "2369"]
[PlyCount "93"]
[EventDate "2005.04.14"]
[EventType "tourn"]
[EventRounds "9"]
[EventCountry "NOR"]
[EventCategory "7"]
[Source "lmi"]
[SourceDate "2005.04.22"]

1. d4 Nf6 2. c4 c5 3. d5 b5 4. Nf3 Bb7 5. Nbd2 e6 6. dxe6 fxe6 7. e4 Nxe4 8.
Nxe4 Bxe4 9. cxb5 Be7 10. Bd3 Bxd3 11. Qxd3 O-O 12. O-O a6 13. b4 axb5 14. bxc5
Na6 15. Qxb5 Nxc5 16. Bb2 d5 17. Bd4 Ne4 18. a4 Rxf3 19. gxf3 Nd2 20. Qe2 Nxf1
21. Qxe6+ Kh8 22. Kxf1 Bf6 23. Bxf6 gxf6 24. Rc1 d4 25. Rc6 d3 26. Qxf6+ Qxf6
27. Rxf6 Rxa4 28. Rd6 Ra1+ 29. Kg2 Rd1 30. Rd7 Kg8 31. f4 d2 32. Kf3 Rh1 33.
Rxd2 Rxh2 34. Kg3 Rh1 35. f5 Kg7 36. Kf4 Ra1 37. Rd7+ Kf6 38. Rd6+ Kf7 39. Rb6
Kg7 40. Rb7+ Kf6 41. Rxh7 Ra4+ 42. Kg3 Kxf5 43. Rh5+ Kg6 44. Rb5 Ra6 45. Kg4
Kf7 46. f4 Rc6 47. Ra5 1/2-1/2

[Event "Gausdal Classics GM-B"]
[Site "Gausdal NOR"]
[Date "2005.04.17"]
[Round "5.2"]
[White "Sebag, Marie"]
[Black "Howell, David"]
[Result "1/2-1/2"]
[WhiteElo "2416"]
[BlackElo "2415"]
[PlyCount "48"]
[EventDate "2005.04.14"]
[EventType "tourn"]
[EventRounds "9"]
[EventCountry "NOR"]
[EventCategory "7"]
[Source "lmi"]
[SourceDate "2005.04.22"]

1. e4 e5 2. Nf3 Nc6 3. Bb5 Nf6 4. O-O Nxe4 5. d4 Nd6 6. Bxc6 dxc6 7. dxe5 Nf5
8. Qxd8+ Kxd8 9. Nc3 Ne7 10. h3 Ng6 11. Re1 Bb4 12. Bd2 Bxc3 13. Bxc3 Be6 14.
a4 a5 15. b4 axb4 16. Bxb4 Kc8 17. a5 Rd8 18. Nd2 Rd5 19. Bc3 Rc5 20. Ra3 Nf4
21. Ne4 Rc4 22. Nd2 Rc5 23. Ne4 Rc4 24. Nd2 Rc5 1/2-1/2

[Event "Gausdal Classics GM-B"]
[Site "Gausdal NOR"]
[Date "2005.04.17"]
[Round "5.3"]
[White "Ward, Chris"]
[Black "Reinderman, Dimitri"]
[Result "0-1"]
[WhiteElo "2485"]
[BlackElo "2509"]
[PlyCount "90"]
[EventDate "2005.04.14"]
[EventType "tourn"]
[EventRounds "9"]
[EventCountry "NOR"]
[EventCategory "7"]
[Source "lmi"]
[SourceDate "2005.04.22"]

1. d4 f5 2. Bg5 g6 3. Nd2 Bg7 4. e4 fxe4 5. Nxe4 d5 6. Nc3 Nh6 7. Qd2 Nf7 8. h4
O-O 9. O-O-O Nc6 10. Be3 e5 11. Nge2 exd4 12. Nxd4 Nce5 13. Nb3 c6 14. h5 gxh5
15. f3 h4 16. Kb1 b6 17. Bd4 Bh6 18. Qe1 Ng6 19. Bd3 Re8 20. Qg1 Nfe5 21. Bxg6
Nxg6 22. g3 Qg5 23. g4 Bd7 24. Bf2 Re7 25. Nd4 Rf8 26. Qh2 Qf4 27. Qh3 Bg5 28.
Rhg1 Qf6 29. Qh2 Re5 30. a3 h6 31. Nf5 Bxf5 32. gxf5 Rxf5 33. Bd4 Qd8 34. Be3
Kh7 35. Bxg5 hxg5 36. Rde1 Kh6 37. Re6 R8f6 38. Rge1 Rxe6 39. Rxe6 Rf6 40. Qe2
Nf4 41. Rxf6+ Qxf6 42. Qe8 h3 43. Nd1 Ng6 44. Qe2 Qe5 45. Qf1 h2 0-1

[Event "Gausdal Classics GM-B"]
[Site "Gausdal NOR"]
[Date "2005.04.17"]
[Round "5.4"]
[White "Barkhagen, Jonas"]
[Black "Akesson, Ralf"]
[Result "1/2-1/2"]
[WhiteElo "2461"]
[BlackElo "2465"]
[PlyCount "43"]
[EventDate "2005.04.14"]
[EventType "tourn"]
[EventRounds "9"]
[EventCountry "NOR"]
[EventCategory "7"]
[Source "lmi"]
[SourceDate "2005.04.22"]

1. d4 Nf6 2. c4 e6 3. Nc3 Bb4 4. Qc2 O-O 5. a3 Bxc3+ 6. Qxc3 b6 7. Bg5 Bb7 8.
f3 h6 9. Bh4 d5 10. e3 Nbd7 11. cxd5 Nxd5 12. Bxd8 Nxc3 13. Bh4 Nd5 14. Bf2 f5
15. Bb5 c6 16. Bc4 c5 17. Bb5 Rad8 18. Ne2 a6 19. Bd3 cxd4 20. exd4 b5 21. O-O
N7b6 22. Rfe1 1/2-1/2

[Event "Gausdal Classics GM-B"]
[Site "Gausdal NOR"]
[Date "2005.04.17"]
[Round "5.5"]
[White "Hammer, Jon Ludvig"]
[Black "Greet, Andrew"]
[Result "0-1"]
[WhiteElo "2303"]
[BlackElo "2403"]
[PlyCount "98"]
[EventDate "2005.04.14"]
[EventType "tourn"]
[EventRounds "9"]
[EventCountry "NOR"]
[EventCategory "7"]
[Source "lmi"]
[SourceDate "2005.04.22"]

1. e4 e5 2. Nf3 Nc6 3. Bc4 Nf6 4. d4 exd4 5. O-O Nxe4 6. Re1 d5 7. Bxd5 Qxd5 8.
Nc3 Qh5 9. Nxe4 Be6 10. Bg5 h6 11. Bf6 Qg6 12. Nh4 Qg4 13. Nd6+ Kd7 14. Qxg4
Bxg4 15. Nxf7 Rg8 16. Bxd4 g5 17. Nf3 Bxf3 18. gxf3 Nxd4 19. Rad1 Bg7 20. Ne5+
Bxe5 21. Rxe5 Kd6 22. Re4 c5 23. c3 Rac8 24. cxd4 c4 25. Rde1 Rg6 26. d5 b5 27.
Rd1 Rd8 28. Rc1 Rc8 29. Rd1 a6 30. Kg2 Kc5 31. f4 gxf4+ 32. Kf3 Rd6 33. a4 Rcd8
34. axb5 axb5 35. Kxf4 Rxd5 36. Rxd5+ Kxd5 37. Re5+ Kc6 38. Ke3 Rd3+ 39. Ke2
Rb3 40. Re6+ Kc5 41. Rxh6 Rxb2+ 42. Ke3 Rb3+ 43. Ke4 Rb1 44. Rh8 Re1+ 45. Kf5
b4 46. f4 c3 47. Kg6 b3 48. Rc8+ Kd4 49. f5 b2 0-1

[Event "Gausdal Classics GM-B"]
[Site "Gausdal NOR"]
[Date "2005.04.18"]
[Round "6.1"]
[White "Michalczak, Thomas"]
[Black "Greet, Andrew"]
[Result "1/2-1/2"]
[WhiteElo "2369"]
[BlackElo "2403"]
[PlyCount "50"]
[EventDate "2005.04.14"]
[EventType "tourn"]
[EventRounds "9"]
[EventCountry "NOR"]
[EventCategory "7"]
[Source "lmi"]
[SourceDate "2005.04.22"]

1. e4 e5 2. Nf3 Nc6 3. Bb5 a6 4. Bxc6 dxc6 5. O-O Bd6 6. d4 exd4 7. Qxd4 f6 8.
Be3 Ne7 9. Nbd2 Be6 10. Rfd1 Ng6 11. Nc4 Bxc4 12. Qxc4 Qe7 13. a4 O-O-O 14. b4
Rhe8 15. b5 cxb5 16. axb5 Qxe4 17. Rd4 Qe6 18. Qa4 Be5 19. bxa6 Qxa6 20. Nxe5
Nxe5 21. Qxa6 bxa6 22. Rxa6 Rxd4 23. Bxd4 Kb7 24. Ra1 Nd7 25. Kf1 Re4 1/2-1/2